01142 a2200169 4500003000500000005001700005010001700022020001800039040000900057082001200066100002300078245005600101260006400157300003700221505066800258650004600926Nust20170207154318.0 a 2005047075 a9780521837163 cNust00a621.3821 aGoldsmith, Andrea,10aWireless communications (E-Book)cAndrea Goldsmith. aCambridge ;aNew York :bCambridge University Press,c2005. axxviii, 644 p. :bill. ;c26 cm. aOverview of Wireless Communications (Page-1),Path Loss and Shadowing (Page-24),Statistical Multipath Channel Models (Page-58),Capacity of Wireless Channels (Page-91),Digital Modulation and Detection (Page-116),Performance of Digital Modulation over Wireless Channels (Page-159), Diversity (Page-190),Coding for Wireless Channels (Page-213),Adaptive Modulation and Coding (Page-263),Multiple Antennas and Space-Time Communications (Page-299),Equalization (Page-327),Multicarrier Modulation (Page-350),Spread Spectrum (Page-378),Multiuser Systems (Page-422),Cellular Systems and Infrastructure-Based Wireless Networks (Page-470),Ad Hoc Wireless Networks (Page-499). 0aTelecommunications engineering - (E-BOOK)